Normal view
MARC view
- Phelps, Neil,
Entry Personal Name
001 - CONTROL NUMBER
- control field: 85769
003 - CONTROL NUMBER IDENTIFIER
- control field: NUST
005 - DATE AND TIME OF LATEST TRANSACTION
- control field: 20211206161404.0
008 - FIXED-LENGTH DATA ELEMENTS
- fixed length control field: 211206|| aca||aabn | a|a d
040 ## - CATALOGING SOURCE
- Original cataloging agency: NUST
- Transcribing agency: NUST
100 ## - HEADING--PERSONAL NAME
- Personal name: Phelps, Neil,
- Titles and other words associated with a name: IEng MIED
670 ## - SOURCE DATA FOUND
- Source citation: Work cat.: (NUST)0: Simmons, C. H. & Maguire, D. E (Colin H.) 85766, Manual of Engineering Drawing :, 2004.
